ONE PERSON COMPANY (OPC) & SMALL COMPANY INCORPORATION & STATUTORY COMPLIANCES UNDER THE COMPANIES ACT, 2013/ (Record no. 207250)
[ view plain ]
| 000 -LEADER | |
|---|---|
| fixed length control field | 00701nam a22001817a 4500 |
| 005 - DATE AND TIME OF LATEST TRANSACTION | |
| control field | 20241129150211.0 |
| 010 ## - LCCN (DPL NO) | |
| LC control number | ENG-142737 |
| 020 ## - INTERNATIONAL STANDARD BOOK NUMBER | |
| International Standard Book Number | 9789393766175 |
| Terms of availability | 310.00 |
| 035 ## - SYSTEM CONTROL NUMBER | |
| System control number | EN-126269 |
| 037 ## - SOURCE OF ACQUISITION | |
| Source of stock number/acquisition | DBAD |
| 082 ## - DEWEY DECIMAL CLASSIFICATION NUMBER | |
| Classification number | 346.54065 |
| 100 ## - MAIN ENTRY--PERSONAL NAME | |
| Personal name | Lohia, Rajesh |
| 245 ## - TITLE STATEMENT | |
| Title | ONE PERSON COMPANY (OPC) & SMALL COMPANY INCORPORATION & STATUTORY COMPLIANCES UNDER THE COMPANIES ACT, 2013/ |
| Remainder of title | By Rajesh Lohia |
| 260 ## - PUBLICATION, DISTRIBUTION, ETC. (IMPRINT) | |
| Place of publication, distribution, etc | Madhya Pradesh |
| Name of publisher, distributor, etc | Xcess Infostore Pvt. Ltd. |
| Date of publication, distribution, etc | 2023 |
| 270 ## - ADDRESS | |
| Address | 213, Silver Mall , Block B,8/A,R.N.T. Marg, Indore |
| City | Madhya Pradesh |
| Postal code | 452001 |
| Telephone number | 9826012052 |
| -- | 94794724245 |
| Electronic mail address | info@xcessbooks.com |
| 300 ## - PHYSICAL DESCRIPTION | |
| Extent | 140p. |
| Dimensions | 21cm(pb) |
| 942 ## - ADDED ENTRY ELEMENTS (KOHA) | |
| Source of classification or shelving scheme | Dewey Decimal Classification |
| Item type | English Books |
| Classification part | 346.54065 |
| Call number suffix | LOH |
| Withdrawn status | Lost status | Not for loan | Collection code | Home library | Current library | Date acquired | Source of acquisition | Cost, normal purchase price | Full call number | Barcode | Copy number | Cost, replacement price | Koha item type |
|---|---|---|---|---|---|---|---|---|---|---|---|---|---|
| Non-fiction | Kadipur | Kadipur | 29/11/2024 | Delivery of Books Act Division | 310.00 | 346.54065 LOH | EN-126269 | 1 | 310.00 | English Books |
